000 01348nam a2200313 i 4500
003 EG-GICUC
005 20260121101430.0
008 251204s2005 ua ||||fr|||| 00| 0 ara d
040 _a EG-GICUC
_bara
_c EG-GICUC
_d EG-GICUC
_erda
041 0 _aara
082 0 4 _221
_a345.2
_bأ ح . ج
092 0 4 _221
099 _aLaw1 07 345.2 أ ح . ج 2005
100 0 _aأحمد محمد شحاتة
_eمؤلف.
245 1 0 _aجهاز المدعي العام الإشتراكي في ظل المتغيرات الأيديولوجية المعاصرة :
_bدراسات تحليلية تأصيلية مقارنة /
_cدكتور أحمد محمد شحاتة.
264 1 _aالقاهرة :
_bمكتبة دار الفكر العربي،
_c2005.
300 _a632 ؛صفحة
_c24 سم.
_bإيضاحيات، صور، مثيليات ؛
336 _2rda content
_atext
337 _2rda media
_aComputer
338 _2rda carrier
_aOnline Resource
504 _a.631-614ببليوجرافيا: صفحات
546 _aالنص أغلبه باللغة العربية مع بعض النصوص الإنجليزية
650 1 4 _aالتنظيم الإداري
_2qrmak
650 1 4 _aالقانون الإداري
_2qrmak
651 1 _2qrmak
856 4 0 _uhttps://fll.law.cu.edu.eg/fulltext/bks/B07-01289.pdf
905 _a32
_eYara
942 _2ddc
_cBK
_e21
_n0
999 _c48363
_d48363